Abraham Lincoln Trivia - Statistics

General Stats
  • This quiz has been taken 55 times
    45 since last reset
  • The average score is 10 of 12
Answer Stats
Hint Answer % Correct
What number president was Abraham Lincoln? 16
100%
Which war occurred during Abraham Lincoln's presidency? The American Civil War
95%
What year was Abraham Lincoln assassinated? 1865
93%
Which political party did Abraham Lincoln belong to during his presidency? Republican
90%
Who assassinated Abraham Lincoln? John Wilkes Booth
88%
What year was Abraham Lincoln born? 1809
85%
What profession did Lincoln have before becoming president? Lawyer
85%
What coin features Abraham Lincoln's face? Penny
83%
Which U.S. state was Abraham Lincoln born in? Kentucky
78%
What major speech did Lincoln give in 1863? The Gettysburg Address
78%
What was the name of the theater where Abraham Lincoln was assassinated? Ford’s Theatre
76%
Who was Lincoln’s first vice president? Hannibal Hamlin
44%
No matching quizzes found
Score Distribution
Percent of People with Each Score
Percentile by Number Answered
Your Score History
You have not taken this quiz since the last reset